Pays qui battent le Luxembourg - Statistiques

Statistiques générales
  • Ce quiz a été pris 996 fois
    989 depuis la dernière actualisation
  • Le résultat moyen est 10 sur 20
Statistiques - réponses
Rangs Catégories Pays % Correct
4 Le plus riche par habitant Monaco | Qatar | Liechtenstein
95%
4 Frontière avec la France la plus courte Andorre | Monaco | Pays-Bas
94%
5 Nom le plus long d'Europe Bosnie-Herzégovine | République Tchèque | Macédoine du Nord | Liechtenstein
94%
4 Commençant par "L" le plus deviné au quiz Pays du monde Lituanie | Lettonie | Libye
91%
5 Dépenses militaires par habitant les plus importantes en Europe Norvège | Grèce | Royaume-Uni | France
88%
2 Plus faible pourcentage de germanophone où l'allemand est une langue officielle Belgique
65%
2 Frontière avec l'Allemagne la plus courte Danemark
63%
2 Plus petit de l'Union Européenne Malte
55%
3 Nom rapportant le plus de point au Scrabble en Europe République Tchèque | Bosnie-Herzégovine
55%
9 Le plus d'exports par habitant Liechtenstein | Singapour | Belgique | Suisse | Irlande | Pays-Bas | Emirats Arabes Unis | Qatar
54%
5 Pourcentage d'immigrants le plus élevé en Europe Vatican | Liechtenstein | Monaco | Andorre
48%
2 Pourcentage de francophone le plus élevé (exceptée la France) Monaco
44%
7 Consommation d'alcool la plus importante par habitant Seychelles | Ouganda | République Tchèque | Lituanie | Allemagne | Irlande
39%
2 Germanophone avec le nom le plus proche de la fin de l’alphabet Suisse
33%
6 Consommation d'électricité par habitant la plus importante en Europe Islande | Liechtenstein | Norvège | Finlande | Suède
32%
7 Capitale européenne avec le plus de précipitations Montenegro | Slovénie | Albanie | Suisse | Liechtenstein | Bosnie-Herzégovine
31%
4 Le plus d'imports par habitant Saint-Marin | Singapour | Liechtenstein
23%
2 Meilleur passeport Emirats Arabes Unis
12%
2 Le plus de Prix Nobel par habitant Sainte-Lucie
12%
4 Emissions de CO2 par habitant les plus importantes hors d'Asie Palaos | Trinité-et-Tobago | Australie
8%
Aucun quiz correspondant
Distribution des résultats
% des personnes avec chaque résultat
Percentile par nombre de réponses
Votre historique - résultats
Vous n’avez pas pris ce quiz depuis la dernière actualisation